01166nmc a2200385 a 4500003000900000005001700009008004100026020001800067040001300085100002400098245009500122260005800217300001000275490004400285600002200329600003600351600002600387600003900413650002300452650001300475650002600488650002500514650002100539650002000560650002100580650001800601650001800619650001600637650001400653650001700667651001400684653002100698700003100719800003000750AR-BaBNM20251128204234.0046019s1988 ||||||||||||||000 | spa|| a950-25-1468-8 cAR-BaBNM1 aGarcía, Alicia S.10aTextos y documentosbEl autoritarismo y los argentinos. La hora de la espada. 1924-1946n1 aBuenos AiresbCentro Editor de América Latinac19880 a94 p. 0aBiblioteca política Argentinavv. 20014aLugones, Leopoldo14aJusto, Agustin Pedrod1876-194314aPerón, Juan Domingo14aUriburu, José Félixd1868-1932 4aHISTORIA ARGENTINA 4aPOLITICA 4aHISTORIA DE LAS IDEAS 4aIDEOLOGIAS POLITICAS 4aHISTORIA MILITAR 4aFUERZAS ARMADAS 4aGOLPES DE ESTADO 4aAUTORITARISMO 4aTOTALITARISMO 4aMILITARISMO 4aDICTADURA 4aNACIONALISMO 4aArgentina 0aGOBIERNO MILITAR1 aRodríguez Molas, Ricardo1 aTroncoso, Oscaredirector